000 00730nam a2200205 i 4500
001 68053
003 ES-MaACL
005 20231124062956.0
007 t|
008 040217s1913 sp |||| | spa d
100 1 _aGanivet, Ángel,
_d1865-1898
_953864
245 1 0 _aGranada la bella /
_cpor Ángel Ganivet ; precedida de un estudio sobre Ganivet por Francisco Seco de Lucena ; y un prólogo por Rafael Gago Palomo.
260 _aGranada :
_b[s.n.,
_c1913] (
_fEl Defensor de Granada)
300 _a134 p. ;
_c23 cm.
651 4 _aGranada-
_xDescripción.
_98768
700 1 _aSeco de Lucena, Francisco.
_9105049
700 1 _aGago Palomo, Rafael.
_953238
852 _aES-MaACL
_jT-1376-F-1
999 _c68053
_d68053